[Event "ROM-ch U10"]
[Site "Calimanesti"]
[Date "2018.03.30"]
[Round "5"]
[White "Petrica, Dan Andrei"]
[Black "Amititeloaie, Rares"]
[Result "1-0"]
[WhiteElo "1039"]
[BlackElo "1153"]
[PlyCount "73"]
[EventDate "2018.03.27"]
[EventType "swiss"]
[EventRounds "9"]
[EventCountry "ROU"]
[SourceTitle "CBM 183 Extra"]
[Source "ChessBase"]
[SourceDate "2018.04.19"]
[SourceVersion "1"]
[SourceVersionDate "2018.04.19"]
[SourceQuality "1"]

1. e4 d6 2. d4 Nf6 3. Nc3 g6 4. Nf3 Bg7 5. Bc4 0-0 6. Bg5 Nbd7 7. 0-0 e5 8. Qd2 b6 9. Nd5 h6 10. Bxh6 Ng4 11. Bxg7 Kxg7 12. dxe5 Ngxe5 13. Nxe5 dxe5 14. Qc3 Nf6 15. Nxf6 Qxf6 16. Bd5 Rb8 17. Qxc7 Be6 18. Bxe6 Qxe6 19. Qxa7 Qc4 20. Rac1 Qxe4 21. Rfe1 Qd4 22. b3 Rfe8 23. Qa4 Qxa4 24. bxa4 Ra8 25. Re4 f5 26. Rb4 Ra6 27. h3 e4 28. Re1 Rc8 29. c4 Rd8 30. Rc1 Rd4 31. Kf1 Kf6 32. Rcb1 Rd6 33. Ke2 Ke5 34. Rb5+ Kd4 35. Rd1+ Kxc4 36. Rxd6 Rxa4 37. Rdxb6 1-0

[Event "ROM-ch U08"]
[Site "Baile Felix"]
[Date "2017.02.08"]
[Round "8"]
[White "Duca, Bogdan"]
[Black "Amititeloaie, Rares"]
[Result "0-1"]
[WhiteElo "1011"]
[BlackElo "1113"]
[PlyCount "90"]
[EventDate "2017.02.02"]
[EventType "swiss"]
[EventRounds "9"]
[EventCountry "ROU"]
[SourceTitle "CBM 176 Extra"]
[Source "ChessBase"]
[SourceDate "2017.03.02"]
[SourceVersion "1"]
[SourceVersionDate "2017.03.02"]
[SourceQuality "1"]

1. e4 c5 2. Nf3 e6 3. d4 cxd4 4. Nxd4 Nf6 5. Nc3 d6 6. Be2 Nbd7 7. Be3 Qb6 8. Nb3 Qd8 9. Nd4 Be7 10. 0-0 0-0 11. Qd2 Ne5 12. h3 Ned7 13. Rad1 Nc5 14. Bd3 Qc7 15. Nb3 Nxb3 16. axb3 Qd8 17. Ra1 b6 18. Nb5 a6 19. Nc3 Bb7 20. Qe2 d5 21. exd5 exd5 22. Bxa6 Bxa6 23. Rxa6 Rxa6 24. Qxa6 d4 25. Bxd4 Qxd4 26. Ra1 Qd6 27. Rd1 Qc6 28. Re1 Bb4 29. Qd3 Bxc3 30. bxc3 Re8 31. Rxe8+ Qxe8 32. Qd4 Qe1+ 33. Kh2 b5 34. Qd8+ Qe8 35. Qd3 Qe5+ 36. Kg1 h6 37. c4 bxc4 38. bxc4 Qe4 39. c5 Qe1+ 40. Kh2 Qe5+ 41. Kg1 Qxc5 42. c4 Ne8 43. g4 Nd6 44. Qc2 Qxc4 45. Qxc4 Nxc4 0-1

[Event "ROM-ch U08"]
[Site "Calimanesti Caciulata"]
[Date "2016.04.21"]
[Round "4"]
[White "Vlad, Robert Cristian"]
[Black "Amititeloaie, Rares"]
[Result "1-0"]
[WhiteElo "1112"]
[BlackElo "1001"]
[PlyCount "23"]
[EventDate "2016.04.18"]
[EventType "swiss"]
[EventRounds "9"]
[EventCountry "ROU"]
[SourceTitle "CBM 172 Extra"]
[Source "ChessBase"]
[SourceDate "2016.06.21"]
[SourceVersion "1"]
[SourceVersionDate "2016.06.21"]
[SourceQuality "1"]

1. e4 Nc6 2. d4 d5 3. e5 Bf5 4. Bb5 f6 5. Bxc6+ bxc6 6. f4 Be4 7. Nf3 Bxf3 8. Qxf3 Rb8 9. b3 fxe5 10. fxe5 e6 11. 0-0 Bb4 12. Qf7# 1-0